Interpersonal communication : (Record no. 342)

000 -LEADER
fixed length control field 01206cam a2200397 a 4500
003 - CONTROL NUMBER IDENTIFIER
control field CaAEU
005 - DATE AND TIME OF LATEST TRANSACTION
control field 20210611120732.0
008 - FIXED-LENGTH DATA ELEMENTS--GENERAL INFORMATION
fixed length control field 021126s2004 onca b 001 0 eng
020 ## - INTERNATIONAL STANDARD BOOK NUMBER
International Standard Book Number 0205360742 (pbk.) :
020 ## - INTERNATIONAL STANDARD BOOK NUMBER
International Standard Book Number 9780205360741 (pbk.)
040 ## - CATALOGING SOURCE
Transcribing agency NLC
049 ## - LOCAL HOLDINGS (OCLC)
Holding library UABA
050 ## - LIBRARY OF CONGRESS CALL NUMBER
Classification number BF637
Item number .C45 I68 2004
055 02 - CLASSIFICATION NUMBERS ASSIGNED IN CANADA
Classification number BF637*
055 #0 - CLASSIFICATION NUMBERS ASSIGNED IN CANADA
Classification number BF637 C45
Item number I68 2003
055 00 - CLASSIFICATION NUMBERS ASSIGNED IN CANADA
Classification number BF637 C45
Item number I68 2004 fol.
090 ## - LOCALLY ASSIGNED LC-TYPE CALL NUMBER (OCLC); LOCAL CALL NUMBER (RLIN)
Classification number (OCLC) (R) ; Classification number, CALL (RLIN) (NR) BF 637 C45 B43 2004
Local cutter number (OCLC) ; Book number/undivided call number, CALL (RLIN) AEU
090 ## - LOCALLY ASSIGNED LC-TYPE CALL NUMBER (OCLC); LOCAL CALL NUMBER (RLIN)
Classification number (OCLC) (R) ; Classification number, CALL (RLIN) (NR) BF637 .C45 B43 2004
Local cutter number (OCLC) ; Book number/undivided call number, CALL (RLIN) AEGMCT
090 ## - LOCALLY ASSIGNED LC-TYPE CALL NUMBER (OCLC); LOCAL CALL NUMBER (RLIN)
Classification number (OCLC) (R) ; Classification number, CALL (RLIN) (NR) DISTANCE
Local cutter number (OCLC) ; Book number/undivided call number, CALL (RLIN) AEGMCT
245 00 - TITLE STATEMENT
Title Interpersonal communication :
Remainder of title relating to others /
Statement of responsibility, etc. Steven A. Beebe ... [et al.].
250 ## - EDITION STATEMENT
Edition statement 3rd Canadian ed.
260 ## - PUBLICATION, DISTRIBUTION, ETC.
Place of publication, distribution, etc. Toronto :
Name of publisher, distributor, etc. Pearson,
Date of publication, distribution, etc. c2004.
300 ## - PHYSICAL DESCRIPTION
Extent xiv, 402 p. :
Other physical details ill. ;
Dimensions 26 cm.
336 ## - CONTENT TYPE
Content type term text
Content type code txt
Source rdacontent
337 ## - MEDIA TYPE
Media type term unmediated
Media type code n
Source rdamedia
338 ## - CARRIER TYPE
Carrier type term volume
Carrier type code nc
Source rdacarrier
504 ## - BIBLIOGRAPHY, ETC. NOTE
Bibliography, etc. note Includes bibliographical references and index.
650 #0 - SUBJECT ADDED ENTRY--TOPICAL TERM
Topical term or geographic name entry element Interpersonal communication
Form subdivision Textbooks.
700 1# - ADDED ENTRY--PERSONAL NAME
Personal name Beebe, Steven A.,
Dates associated with a name 1950-
942 ## - ADDED ENTRY ELEMENTS (KOHA)
Source of classification or shelving scheme
Koha item type Book
Suppress in OPAC SO
949 ## - LOCAL PROCESSING INFORMATION (OCLC)
h UAED-CU-B
i 0162024008557
Holdings
Withdrawn status Lost status Source of classification or shelving scheme Damaged status Not for loan Permanent Location Current Location Shelving location Date acquired Total Checkouts Full call number Barcode Date last seen Price effective from Koha item type Public note
          AU LIBRARY AU LIBRARY Open Shelf 11.06.2021   BF637 .C45 I68 2004 28000032 11.06.2021 11.06.2021 Book SO

Powered by Koha